Cost accounting (Record no. 10450)

MARC details
000 -LEADER
fixed length control field 00519cam a2200205ua 4500
008 - FIXED-LENGTH DATA ELEMENTS--GENERAL INFORMATION
fixed length control field 191014n ii |||gr||||Z||||||eng
020 ## - INTERNATIONAL STANDARD BOOK NUMBER
International Standard Book Number 9781259026522
040 ## - CATALOGING SOURCE
Transcribing agency MAIN
041 ## - LANGUAGE CODE
-- eng
082 ## - DEWEY DECIMAL CLASSIFICATION NUMBER
Classification number 657.42
100 ## - MAIN ENTRY--PERSONAL NAME
Personal name Jawahar Lal,
Relator term
245 ## - TITLE STATEMENT
Title Cost accounting
Statement of responsibility, etc. By Jawahar Lal and Seema Srivastava
250 ## - EDITION STATEMENT
Edition statement 13th rep.
260 ## - PUBLICATION, DISTRIBUTION, ETC.
Place of publication, distribution, etc. Chennai:
Name of publisher, distributor, etc. Mcgraw hill education,
Date of publication, distribution, etc. 2017.
300 ## - PHYSICAL DESCRIPTION
Extent 1049p.
700 ## - ADDED ENTRY--PERSONAL NAME
Personal name Seema Srivastava,
Relator term
942 ## - ADDED ENTRY ELEMENTS (KOHA)
Koha item type Books
653 ## - INDEX TERM--UNCONTROLLED
Uncontrolled term Accounting
Holdings
Withdrawn status Lost status Damaged status Not for loan Home library Current library Shelving location Date acquired Total Checkouts Full call number Barcode Date last seen Date last checked out Copy number Price effective from Koha item type
        Central Library, Naharkatiya College Central Library, Naharkatiya College General Stacks 19/09/2020 8 657.42Cost accounting | LAL 27021 03/02/2023 19/01/2023 1 19/09/2020 Books

Naharkatiya College © 2020. All rights reserved.

Powered By